<?xml version="1.0" encoding="UTF-8"?>
<marc:record xmlns:marc="http://www.loc.gov/MARC21/slim">
   <marc:leader>00000nam a2200000 a 4500</marc:leader>
   <marc:datafield ind1="1" ind2=" " tag="100">
      <marc:subfield code="a">Städing, Sabine</marc:subfield>
      <marc:subfield code="4">aut</marc:subfield>
      <marc:subfield code="e">Verfasser/-in</marc:subfield>
   </marc:datafield>
   <marc:datafield ind1="1" ind2=" " tag="100">
      <marc:subfield code="a">Rimetz, Emilie</marc:subfield>
      <marc:subfield code="4">drt</marc:subfield>
      <marc:subfield code="e">Regisseur/-in</marc:subfield>
   </marc:datafield>
   <marc:datafield ind1="0" ind2="0" tag="245">
      <marc:subfield code="a">Petronella Apfelmus - Das Band der Freundschaft und 9 weitere matische Geschichten</marc:subfield>
   </marc:datafield>
   <marc:datafield ind1="0" ind2="0" tag="245">
      <marc:subfield code="b">TV-Serie 11-20</marc:subfield>
   </marc:datafield>
   <marc:datafield ind1="0" ind2="0" tag="245">
      <marc:subfield code="c">Städing, Sabine</marc:subfield>
   </marc:datafield>
   <marc:datafield ind1=" " ind2="1" tag="264">
      <marc:subfield code="b">Leonine</marc:subfield>
      <marc:subfield code="c">2020</marc:subfield>
   </marc:datafield>
   <marc:datafield ind1="1" ind2=" " tag="490">
      <marc:subfield code="a">Petronella Apfelmus TV-Serie</marc:subfield>
      <marc:subfield code="v">Teil 2</marc:subfield>
   </marc:datafield>
   <marc:datafield ind1="1" ind2=" " tag="520">
      <marc:subfield code="a">Apfelhexe Petronella liebt ihren Obstgarten und all seine Bewohner, von den chaotischen Apfelmännchen bis zum miesepetrigen Schrat Dornwald. Sie sorgt für alle mit Hexenkräften, doch die erweisen sich meist als... nun ja, etwas improvisiert. Zum Glück wohnen die 9-jährigen Zwillinge Lea und Luis direkt nebenan und finden immer wieder einen cleveren Ausweg aus dem Schlamassel. Nicht zuletzt, wenn es darum geht, die Geheimnisse des Gartens vor den Eltern oder neugierigen Besuchern zu verbergen. Diesesmal veranstalten sie eine Vollmondparty, backen eine Torte, feiern Hexengeburtstag - mit einer Hexe als Freundin ist immer was los.&#xD;
&#xD;
Diese Abenteuer gibt es zu erleben:&#xD;
11. Das Band der Freundschaft&#xD;
12. Hexengeburtstag&#xD;
13. Aufprall mit Folgen&#xD;
14. Was ist nur mit Dornwald los?&#xD;
15. Blick in die Zukunft&#xD;
16. Hilda in der Falle&#xD;
17. Energie aus der Dose&#xD;
18. Das blaue Wunder&#xD;
19. Die Zauberprüfung&#xD;
20. Hexenschnupfen</marc:subfield>
   </marc:datafield>
   <marc:datafield ind1=" " ind2=" " tag="041">
      <marc:subfield code="a">ger</marc:subfield>
   </marc:datafield>
   <marc:datafield ind1=" " ind2=" " tag="338">
      <marc:subfield code="a">Videodisk</marc:subfield>
   </marc:datafield>
   <marc:datafield ind1=" " ind2=" " tag="300">
      <marc:subfield code="a">1 DVD</marc:subfield>
   </marc:datafield>
</marc:record>
